| 000 | 01228nam a2200229Ia 4500 | ||
|---|---|---|---|
| 001 | L240-11938 | ||
| 003 | IT-CnALBA | ||
| 008 | 170116s9999||||xx |||||||||||||| ||und|| | ||
| 040 |
_aIT-CnALBA _cIT-CnALBA |
||
| 041 | _aITALIANO | ||
| 100 | _aBAETEMAN G., P. DELLA MISS., LAZZARISTA. | ||
| 245 | 0 | _aMEDITAZIONI PER IL RITIRO DEL MESE. | |
| 250 | _a6a ed. | ||
| 260 |
_aTORINO _bLICE. ROBERTO BERRUTI & C. _c1963 [1° Ed.: n.d.] |
||
| 300 | _a256 p. (prefazione: 8) | ||
| 500 | _aTRADUZIONE DAL FRANCESE. RITIRO DEL MESE. TEMPO. TABOR. FINE ULTIMO DELL'UOMO. OPERA DELLA MORTE. SALVEZZA. PECCATO. NOVISSIMI. MISERICORDIA DI DIO. VIRTÙ TEOLOGALI. UMILTÀ. PUREZZA. SCHIETTEZZA. BONTÀ. DOLCEZZA. MORTIFICAZIONE. FORTEZZA. DOVERE DEL PROPR | ||
| 501 | _aSocietà San Paolo EM - Piazza San Paolo, 14 - 12051 ALBA (CN) (non commercial uses only) ® Copyright 2017 | ||
| 520 | _aTRADUZIONE DAL FRANCESE. RITIRO DEL MESE. TEMPO. TABOR. FINE ULTIMO DELL'UOMO. OPERA DELLA MORTE. SALVEZZA. PECCATO. NOVISSIMI. MISERICORDIA DI DIO. VIRTÙ TEOLOGALI. UMILTÀ. PUREZZA. SCHIETTEZZA. BONTÀ. DOLCEZZA. MORTIFICAZIONE. FORTEZZA. DOVERE DEL PROPR | ||
| 650 | _aTEOLOGIA SPIRITUALE CRISTIANA | ||
| 942 | _cBK | ||
| 957 | _71 | ||
| 999 |
_a16691 _bNO _g Copie: 1 _c271115 _d271115 |
||